| 000 | 00946nam a22002897a 4500 | ||
|---|---|---|---|
| 001 | 8304 | ||
| 003 | FISKH | ||
| 005 | 20250908153609.0 | ||
| 008 | 250908b cb ||||| |||| 00| 0 eng d | ||
| 020 | _a030711977 | ||
| 040 |
_aFISKH _beng _cFISKH _dFISKH |
||
| 050 | _aQE862.D5 B483 | ||
| 082 | _a567.97 | ||
| 100 | _aBerenstain, Michael | ||
| 245 |
_aThe biggest dinosaurs / _cWirtten and illustrated by Michael Berenstain |
||
| 260 |
_aNew York : _bA Golden Book , _c1989. |
||
| 300 |
_a24 unnumbered pages : _bcolor illustrations ; _c20 x 20 cm . |
||
| 505 | _aJ | ||
| 520 | _aBriefly describes what scientists believe many of the biggest dinosaurs looked like and how they lived. | ||
| 521 | 8 |
_a500
_bLexile estimate |
|
| 521 | 8 |
_aJ
_bRaz-Plus |
|
| 650 |
_aBrontosaurus _vNon-fiction |
||
| 650 |
_aDinosaurs _vNon-fiction |
||
| 700 |
_aBerenstain, Michael _eIllustrator |
||
| 942 |
_2ddc _cBK _n0 |
||
| 999 |
_c8304 _d8304 |
||